Statistiques concernant Arrêts de La Ligne F (Idelis-Pau)

Cliquez ici pour prendre le quiz!

Statistiques générales

  • Ce quiz a été pris 9 fois
  • Le résultat moyen est 8 sur 14

Statistiques - réponses

Arrêts% Correct
Bosquet
100%
Hôpital François Mitterrand
89%
Catherine de Bourbon
78%
Condorcet Université
78%
Gare de PAU
78%
Saragosse
78%
Barthou Beaumont
67%
Alliés Alsace Lorraine
56%
Les Halles Despourrins
44%
Tourasse Cité Administrative
44%
Buros le Hameau
33%
Boulevard de la Paix
22%
Cliniques
22%
Pl. du Foirail
11%

Distribution des résultats

Percentile par nombre de réponses

% des personnes avec chaque résultat

Votre développement - résultats

Vous n’avez pas pris ce quiz